ბათუმის შოთა რუსთაველის სახელმწიფო უნივერსიტეტის ბიბლიოთეკა

ტექნიკოსის ცნობარი. (ბიბ.ჩანაწერი № 37522)

000 -LEADER
fixed length control field 00753nam a2200205Ia 4500
001 - CONTROL NUMBER
control field 3486
003 - CONTROL NUMBER IDENTIFIER
control field GE_BSU
008 - FIXED-LENGTH DATA ELEMENTS--GENERAL INFORMATION
fixed length control field 181216s||||||||xx |||||||||||||| ||und||
040 ## - CATALOGING SOURCE
Transcribing agency GE_BSU
080 ## - UNIVERSAL DECIMAL CLASSIFICATION NUMBER
Universal Decimal Classification number 62(035)
100 ## - MAIN ENTRY--PERSONAL NAME
Personal name შარაშენიძე,კლ. კუჭაიძე,მ. ტურაშვილი,ი და სხვ.
245 ## - TITLE STATEMENT
Title ტექნიკოსის ცნობარი.
245 ## - TITLE STATEMENT
Statement of responsibility, etc. რედ.ე.ვაშაკიძე, პ.ზერაგია, ი.არევაძე და სხვ.
260 ## - PUBLICATION, DISTRIBUTION, ETC.
Place of publication, distribution, etc. თბ.
260 ## - PUBLICATION, DISTRIBUTION, ETC.
Name of publisher, distributor, etc. ტექნიკა და შრომა.
260 ## - PUBLICATION, DISTRIBUTION, ETC.
Date of publication, distribution, etc. 1950.
300 ## - PHYSICAL DESCRIPTION
Extent 616გვ;21სმ.
653 ## - INDEX TERM--UNCONTROLLED
Uncontrolled term ტექნიკოსის ცნობარი.
942 ## - ADDED ENTRY ELEMENTS (KOHA)
Koha item type წიგნი
ეგზემპლარები
Withdrawn status Lost status Damaged status Not for loan Date acquired Barcode Date last seen Price effective from Koha item type
        2018-12-17 9829 2018-12-17 2018-12-17 წიგნი